000 02686cam a22005294i 4500
003 PE-LiUPU
005 20250731165600.0
008 150625s r 000 0 d
020 _a9972403173
035 _a(Sirsi) i9789972403170
040 _aPE-LiUPU
_bspa
_cPE-LiUPU
_erda
049 _aPRUA
082 0 4 _a985.008
_bA86
_221
245 0 0 _aAtlas regional del Perú : Huánuco :
_bimagen geográfica, estadística, histórica y cultural.
_n6 /
_c[dirección de investigación y redacción], Carlos Garayar.
264 1 _aLima :
_bPEISA,
_c2003.
300 _a80 páginas :
_bIl.; mapas, fotos, col. ;
_c28 centímetros
336 _atext
_2rdacontent
337 _aunmediated
_2rdamedia
338 _avolume
_2rdacarrier
505 0 _aGeografía. - Relieve, Geología e hidrografía. -División política. - Demografìa. -Recursos naturales y producción. -Ecología. -Historia. -Húanuco: prehispánico. -Huánuco: conquista y colonia. -Huánuco: independencia y república. -Cultura. -Cultural huanuqueña. -Música y danzas en Huánuco. -Calendario festivo. -Gastronomía de Huánuco. -Atractivos turisticos.
526 _aSEG44
526 _aSEG26
526 _aP151
526 _aP150
526 _aP149
526 _aP146
526 _aP145
526 _aP126
526 _aP125
526 _aP92
526 _aP75
526 _aP74
526 _aP27
526 _aP15
650 1 4 _aTurismo
_zPerú.
_93316
651 4 _aHuánuco (Perú : Departamento)
_xDescripciones y viajes, etc.
_ySigloXX.
700 1 _aGarayar, Carlos,
_d1949- ,
_edirector.
942 _2ddc
_cBOOK
949 _aRC 985.008 A8 6
_wDEWEY
_c1
_i56596
_lCCODEBUL1
_mBUL
_p8.00
_r0
_sY
_tBOOK
_u2015-6-25
_xEDUCACION
_zUNKNOWN
_0COMPRA
_o.CIRCNOTE. No olvidar cambiar la fecha de devolución!!!!!!!
_o.STAFF. Colección General
949 _aRC 985.008 A8 6
_wDEWEY
_c2
_i56597
_lCCODEBUL1
_mBUL
_p8.00
_r0
_sY
_tBOOK
_u2015-6-25
_xEDUCACION
_zUNKNOWN
_0COMPRA
_o.CIRCNOTE. No olvidar cambiar la fecha de devolución!!!!!!!
_o.STAFF. Colección General
994 _aC0
_bPEPRU
596 _a1
999 _aRC 985.008 A8 6
_wDEWEY
_c45777
_i56596
_f2021-11-9
_g5
_lCCODEBUL1
_mBUL
_p8.00
_r1
_sY
_tBOOK
_u2015-6-25
_xEDUCACION
_zUNKNOWN
_0COMPRA
_o.CIRCNOTE. No olvidar cambiar la fecha de devolución!!!!!!!
_o.STAFF. Colección General
_d45777
999 _aRC 985.008 A8 6
_wDEWEY
_c2
_i56597
_f2021-11-9
_g5
_lCCODEBUL1
_mBUL
_p8.00
_r1
_sY
_tBOOK
_u2015-6-25
_xEDUCACION
_zUNKNOWN
_0COMPRA
_o.CIRCNOTE. No olvidar cambiar la fecha de devolución!!!!!!!
_o.STAFF. Colección General
980 _81
_gALBERTO SANCHEZ Responsable de Automatización